000 00322nam a22001217a 4500
008 260506b |||||||| |||| 00| 0 eng d
082 _a001816
100 _aSrinivasan T M
245 _aModel Methods and Perceptions in Yoga
260 _aBangalore
_bSwami Vivekananda Yoga Prakashana
_c2017
300 _a296p
942 _2ddc
999 _c1449
_d1449